Statystyki dla Przyłącz losową azjatycką flagę do państwa

Kliknij tutaj aby rozwiązać quiz!

Ogólne statystyki

  • Ten quiz został rozwiązany 18 511 razy
  • Średni wynik to 8 z 10

Statystyki odpowiedzi

Odpowiedź% Poprawnych
Cypr
97%
Japonia
97%
Korea Poludniowa
97%
Arabia Saudyjska
96%
Chiny
96%
Gruzja
96%
Izrael
96%
Turcja
96%
Indie
95%
Indonezja
95%
Katar
95%
Iran
94%
Kazachstan
94%
Korea Pólnocna
94%
Nepal
93%
Wietnam
93%
Armenia
90%
Bangladesz
90%
Filipiny
90%
Pakistan
90%
Irak
89%
Tajlandia
89%
Liban
87%
Singapur
87%
Sri Lanka
87%
Bhutan
86%
Mongolia
86%
Syria
86%
Malezja
85%
Azerbejdzan
84%
Kambodza
81%
Laos
80%
Zjednoczone Emiraty Arabskie
80%
Tajwan
79%
Uzbekistan
79%
Bahrajn
77%
Jemen
77%
Turkmenistan
77%
Kirgistan
74%
Kuwejt
74%
Jordania
73%
Oman
72%
Tadzykistan
70%
Brunei
69%
Mjanma
69%
Afganistan
67%
Malediwy
67%
Timor Wschodni
64%

Rozkład punktacji

Percentyl według liczby udzielonych odpowiedzi

Procent ludzi z każdym wynikiem

Twoja historia wyników

Nie rozwiązałeś tego quizu